Sports Quiz

Random Sports or MLB Quiz

MLB Team Quality Starts Leaders (1970s) Quiz Stats

 Plays Quiz not verified by Sporcle

Support Sporcle.
Go Orange.
Score 0/123 Timer 15:00
0 Plays Today
Teams/Years Player % Correct
NYM 70-71, 73, 75-76; CIN 78-79Tom Seaver
91.9%
OAK 71, 75-77; SF 78Vida Blue
90.3%
BAL 72-73, 75-78Jim Palmer
88.7%
CAL 72-74, 77-78Nolan Ryan
88.7%
OAK 70, 72, 74; NYY 75Catfish Hunter
87.1%
CHC 70-72; TEX 74-75; BOS 77Fergie Jenkins
87.1%
ATL 71-72, 74-79Phil Niekro
87.1%
SF 70-71; CLE 72-74; TEX 76; SD 78Gaylord Perry
87.1%
MIN 70Jim Perry
87.1%
PHI 72-79Steve Carlton
85.5%
SD 74-76, 79Randy Jones
85.5%
LAD 70-74Don Sutton
85.5%
BOS 74-77Luis Tiant
85.5%
PIT 76-77John Candelaria
83.9%
NYY 78Ron Guidry
83.9%
CHW 70; NYY 79Tommy John
83.9%
NYM 77-78; MIN 79Jerry Koosman
83.9%
DET 70-73, 75Mickey Lolich
83.9%
CHW 77-78Steve Stone
82.3%
CHW 71-73Wilbur Wood
82.3%
STL 70-72, 75Bob Gibson
80.6%
CHW 76Bart Johnson
80.6%
KC 70Bob Johnson
80.6%
KC 76-77Dennis Leonard
80.6%
BAL 70Dave McNally
80.6%
CAL 75-76, 78Frank Tanana
80.6%
DET 76Mark Fidrych
79%
CAL 71; LAD 74-75Andy Messersmith
79%
MON 74-77, 79Steve Rogers
79%
BAL 79Mike Flanagan
77.4%
NYM 72, 74; TEX 78Jon Matlack
77.4%
KC 73, 78Paul Splittorff
77.4%
HOU 76-79J.R. Richard
75.8%
CIN 73, 75; DET 78Jack Billingham
74.2%
MIN 71; CHW 74-75Jim Kaat
74.2%
SF 75-76John Montefusco
74.2%
CHC 73, 75-79Rick Reuschel
74.2%
HOU 71-72Don Wilson
74.2%
CLE 75; BOS 78-79Dennis Eckersley
72.6%
HOU 70, 74-75Larry Dierker
69.4%
CIN 71, 74Don Gullett
69.4%
Teams/Years Player % Correct
CHC 70; OAK 73Ken Holtzman
69.4%
BOS 73Bill Lee
69.4%
HOU 73; PIT 75Jerry Reuss
69.4%
OAK 70Chuck Dobson
67.7%
SD 70; BAL 71; NYY 74; CLE 76Pat Dobson
67.7%
PIT 71Dock Ellis
67.7%
LAD 77-79Burt Hooton
67.7%
NYY 76-77Ed Figueroa
66.1%
CIN 70, 76Gary Nolan
66.1%
NYY 70, 73Mel Stottlemyre
66.1%
PIT 71-72Steve Blass
64.5%
KC 74-75Steve Busby
64.5%
KC 79Larry Gura
64.5%
CLE 70-71Sam McDowell
62.9%
DET 79Jack Morris
62.9%
PHI 71; CLE 79Rick Wise
62.9%
MIL 72Jim Lonborg
61.3%
LAD 70, 72Claude Osteen
61.3%
MIL 74-75, 77; DET 78Jim Slaton
61.3%
SF 74; MIL 78Mike Caldwell
59.7%
CIN 72; BAL 74; MON 78Ross Grimsley
59.7%
NYY 71-72Fritz Peterson
59.7%
MON 71Bill Stoneman
59.7%
SEA 77Glenn Abbott
58.1%
SF 74, 76Jim Barr
58.1%
SD 71Dave Roberts
58.1%
DET 73-74Joe Coleman
56.5%
STL 76, 78John Denny
56.5%
CIN 77Fred Norman
56.5%
MON 72Mike Torrez
56.5%
TEX 73Jim Bibby
54.8%
MIN 76-77Dave Goltz
53.2%
MON 73-74Steve Renko
53.2%
LAD 75-76Doug Rau
51.6%
NYM 78-79Craig Swan
51.6%
PHI 78Larry Christenson
50%
OAK 79Rick Langford
50%
CAL 70Clyde Wright
48.4%
SEA 79Floyd Bannister
46.8%
MON 70; ATL 73Carl Morton
46.8%
CHC 70Bill Hands
45.2%
Teams/Years Player % Correct
OAK 79Steve McCatty
45.2%
STL 74, 76Lynn McGlothen
45.2%
PIT 74Jim Rooker
45.2%
STL 79Pete Vuckovich
45.2%
MIN 78Geoff Zahn
45.2%
TOR 78Jim Clancy
43.5%
SD 72Clay Kirby
43.5%
SF 78-79Bob Knepper
43.5%
DET 77-78Dave Rozema
43.5%
PIT 70Bob Veale
43.5%
CHC 74Bill Bonham
41.9%
WAS 70-71; TEX 72Dick Bosman
41.9%
MIL 70-71; BOS 72Marty Pattin
41.9%
MIL 73Jim Colborn
40.3%
SF 72-73Ron Bryant
38.7%
MIL 77Moose Haas
38.7%
PHI 75; TOR 78-79Tom Underwood
38.7%
OAK 78Matt Keough
37.1%
KC 70-72Dick Drago
35.5%
BOS 71Sonny Siebert
35.5%
PHI 70Jim Bunning
33.9%
CHW 78-79Ken Kravec
32.3%
MIN 72-75; TEX 77; PIT 78-79Bert Blyleven
30.6%
CLE 77Wayne Garland
30.6%
CLE 78Rick Waits
30.6%
PIT 73Nelson Briles
29%
BOS 70Ray Culp
29%
SF 77Ed Halicki
29%
MIL 79Lary Sorensen
29%
MIL 76Bill Travers
29%
TOR 77Jerry Garvin
25.8%
ATL 70Pat Jarvis
24.2%
CAL 79Dave Frost
22.6%
SD 74Dave Freisleben
19.4%
STL 77Eric Rasmussen
19.4%
SD 73Bill Greif
17.7%
TEX 79Steve Comer
14.5%
SEA 78Paul Mitchell
12.9%
SD 77Bob Shirley
12.9%
STL 73Alan Foster
11.3%
KC 71Mike Hedlund
9.7%

You're not logged in!

Compare scores with friends on all Sporcle quizzes.
OR
Log In

From the Vault

Hit the Right Note

by LTH

When you know the notes to sing, you can sing most anything!
Remove Ads.
Support Sporcle.
Get the best of Sporcle when you Go Orange. This ad-free experience offers more features, more stats, and more fun while also helping to support Sporcle. Thank you for becoming a member.

Show Comments

Extras

Top Quizzes Today


Score Distribution

Your Account Isn't Verified!

In order to create a playlist on Sporcle, you need to verify the email address you used during registration. Go to your Sporcle Settings to finish the process.

Report this User

Report this user for behavior that violates our Community Guidelines.

Details: